000 01032nam a2200277 a 4500
003 OSt
005 20240919133433.0
008 240410s2013 mx a|||| |||| 001 0 spa d
040 _cCHAP
_erda
082 0 0 _222
_a633.5
_bC96
245 1 3 _aEl cultivo del maguey pulquero /
_cpor Raúl Nieto Angel ...[y otros tres].
250 _aPrimera edición
264 1 _aChapingo, Méx. :
_bSecretaria de Desarrollo Agropecuario del Estado de México ;
_bUACH. Departamento de Fitotecnia,
_c2013.
300 _a93 páginas:
_bilustraciones.
336 _2rdacontent
_atexto
_btxt
337 _2rdamedia
_asin medio
_bn
338 _2rdacarrier
_avolumen
_bnc
504 _aIncluye referencias bibliográficas páginas : 92. :
650 4 _9188932
_aAgave salmiana
_xCultivo
650 4 _9133699
_aAgave salmiana
_xSubproductos
650 4 _993016
_aPulque
_xProcesado
650 4 _9188933
_aAgave salmiana
_xEnfermedades
_xControl
650 4 _9188598
_aAgave salmiana
_xPlagas
700 1 _aNieto Ángel, Raúl
_981253
942 _2ddc
_cLIBRO
999 _c219844
_d219844